LEADER 01536nam a2200301 u 4500 001 000000115246 003 CaOOAMICUS 005 20090407161844.0 008 090407s2006 it u000 u ita r 020 $a88-598-0006-4 040 $aPUL$bita$dLDB 245 02$aI contratti di internet :$bsottoscrizione, nuovi contratti, tutela del consumatore, privacy e mezzi di pagamento /$ca cura di Andrea Lisi, con la collaborazione di Marisa Bonanno ... [et al.] ; con introduzione di Francesca Panuccio Dattola. 260 $aTorino :$bUTET Giuridica,$cc2006. 300 $axxxvii, 698 p. ;$c24 cm. 490 1 $aGiurisprudenza critica 504 $aBibliografia : p. 677-691. 650 4$aContratti.$0(OLS)http://pul/subject/3380 650 4$aInternet$xDiritto e legislazione$zItalia.$0(OLS)http://pul/subject/35257 700 1 $aBonanno, Marisa.$0(OLS)http://pul/name/71326 700 1 $aLisi, Andrea.$0(OLS)http://pul/name/71325 830 0$aGiurisprudenza critica.$0(OLS)http://pul/title/105621 850 $aPUL 852 $aPUL$W1$xSL Diritto e Scienze Sociali 3$y79$m340. 02 COLL 1.41$j131981$qDDC 21$B130966$CPULBib$Z2$F130966 $H109846 $82 941 1 $a9 960 $aDiritto contrattuale$93380 996 $6020$a88-598-0006-4$9(OLS)http://pul/number/140283 996 $6245$aI contratti di internet :$bsottoscrizione, nuovi contratti, tutela del consumatore, privacy e mezzi di pagamento$9(OLS)http://pul/title/144829 996 $6260$aTorino :$bUTET Giuridica$9(OLS)http://pul/publisher/79191 LEADER 01298nam a2200313 a 4500 001 000000170893 003 CaOOAMICUS 005 20181203103622.0 008 181203s1990 enk u000 u eng r 020 $z052138544X* 032 $aLibriCat 040 $aPUL$bita 082 04$a111 100 1 $aHeller, Mark.$0(OLS)http://pul/name/109898 245 14$aThe ontology of physical objects : $bfour-dimensional hunks of matter / $cMark Heller . 260 $aCambridge :$bCambridge University Press,$cİ1990. 300 $aXIV, 161 p. ; $c22 cm. 490 1 $aCambridge Studies in Philosophy 504 $aBibliografia in nota. 650 4$aOntologia.$0(OLS)http://pul/subject/4424 830 0$aCambridge Studies in Philosophy.$0(OLS)http://pul/title/98361 850 $aPUL 852 $aPUL$W1$xDP2 Filosofia 3$y112$m111 HELMA 1$j194179$qDDC 21$B199412$CPULBib$Z2$F199412 $H131810 $81 941 1 $a9 996 $6020$z052138544X*$9(OLS)http://pul/number/165460 996 $6082$a111$9(OLS)http://pul/classification/142 996 $6245$aThe ontology of physical objects : $bfour-dimensional hunks of matter / $9(OLS)http://pul/title/211737 996 $6260$aCambridge :$bCambridge University Press$9(OLS)http://pul/publisher/50125